La ceca de Ilduro /

This text is exclusively devoted to the mint of Ilduro, its main goal being to study not only the issues produced by the workshop in detail, but also the role that this coinage had in the monetarization of a changing society, that of the Laietani, which had never previously needed to use coinage.

محفوظ في:

المؤلف الرئيسي: Sinner, Alejandro G. (مؤلف)

التنسيق: كتاب الكتروني

اللغة: Spanish

منشور في: Summertown, Oxford : Archaeopress Publishing Ltd, 2017.

سلاسل: Archaeopress Roman archaeology ; 29.

الموضوعات:

الوصول للمادة أونلاين: Login to view Source

الوسوم: إضافة وسم

لا توجد وسوم, كن أول من يضع وسما على هذه التسجيلة!

رقم الطلب: HG1131.2

LEADER 01928nam a2200421 i 4500
001 EDZ0001947056
003 StDuBDS
005 20230412182056.0
006 m|||||o||d||||||||
007 cr |||||||||||
008 171128s2017 enka fob 001|0|spa|d
020 |a 9781784917241 (ebook) :  |c No price 
040 |a StDuBDS  |b eng  |c StDuBDS  |e rda  |e pn 
050 4 |a HG1131.2 
082 0 4 |a 737.40936672  |2 23 
100 1 |a Sinner, Alejandro G.,  |e author. 
245 1 3 |a La ceca de Ilduro /  |c Alejandro G. Sinner. 
264 1 |a Summertown, Oxford :  |b Archaeopress Publishing Ltd,  |c 2017. 
300 |a 1 online resource (189 pages) :  |b illustrations (black and white, and colour). 
336 |a text  |2 rdacontent 
336 |a still image  |2 rdacontent 
337 |a computer  |2 rdamedia 
338 |a online resource  |2 rdacarrier 
490 1 |a Archaeopress Roman archaeology ;  |v 29 
500 |a Previously issued in print: 2017. 
504 |a Includes bibliographical references and index. 
520 8 |a This text is exclusively devoted to the mint of Ilduro, its main goal being to study not only the issues produced by the workshop in detail, but also the role that this coinage had in the monetarization of a changing society, that of the Laietani, which had never previously needed to use coinage. 
521 |a Specialized. 
588 |a Description based on online resource; title from home page (viewed on October 2, 2018). 
650 0 |a Mints  |z Spain  |z Mataró  |x History  |y To 1500. 
650 0 |a Coinage  |z Spain  |z Mataró  |x History  |y To 1500. 
650 0 |a Iberians  |x History. 
776 0 8 |i Print version :  |z 9781784917234 
830 0 |a Archaeopress Roman archaeology ;  |v 29. 
856 4 0 |3 Archaeopress  |u http://library.arce.org:8087/Archaeopress/Products/9781784917234 
942 |2 lcc  |c EBOOK 
952 |0 0  |1 0  |4 0  |6 HG11312  |7 1  |9 46331  |a ARCH  |b ARCH  |d 2023-04-12  |l 0  |o HG1131.2  |r 2023-04-12 00:00:00  |w 2023-04-12  |y EBOOK 
999 |c 51989  |d 51989